Statistics for TAEYEON all song(until 2023)

Click here to take the quiz!

General Stats

  • This quiz has been taken 12 times
  • The average score is 42 of 95

Answer Stats

HintAnswer% Correct
II(Ft. Verbal Jint)
100%
INVUINVU
90%
PurposeSpark
90%
WhyWhy
90%
Four SeasonsFour Seasons
80%
11:1111:11
70%
Four SeasonsBlue
70%
PurposeCity Love
70%
My VoiceFine
70%
PurposeGravity
70%
My Voice
Deluxe Edition
Make Me Love You
70%
IU R
70%
INVUCan't Control Myself
60%
INVUCold As Hell
60%
PurposeDo You Love Me?
60%
INVUEnding Credits
60%
PurposeFind Me
60%
PurposeHere I Am
60%
PurposeLove You Like Crazy
60%
Purpose-
Repackage
My Tragedy
60%
RainRain
60%
INVUSiren
60%
Something NewSomething New
60%
StayStay
60%
My VoiceTime Lapse
60%
Digital SingleWeekend
60%
PurposeWine
60%
PurposeBetter Babe
50%
Something NewCircus
50%
My VoiceCover Up
50%
Purpose-
Repackage
Dear Me
50%
My VoiceEraser
50%
My VoiceFeel So Fine
50%
My VoiceFire
50%
Digital Single
Happy
50%
PurposeLOL
50%
INVUTimeless
50%
INVUToddler
50%
To. XTo. X
50%
VOICEVOICE
50%
What Do I Call YouWhat Do I Call You
50%
Something NewAll Night Long
(ft. Lucas of NCT)
40%
Something NewBaram X 3
40%
Purpose-
Repackage
Drawing Our Moments
40%
WhyFashion
40%
IGemini
40%
#GirlsSpkOut#GirlsSpkOut
(ft. Chanmina)
40%
WhyGood Thing
(ft. Hyoyeon)
40%
INVUHeart
40%
My Voice
Deluxe Edition
I Blame On You
40%
My VoiceI Got Love
40%
My VoiceI'm OK
40%
WhyNight
40%
RainSecret
40%
INVUSet Myself On Fire
40%
INVUSome Nights
40%
WhyStarlight (Ft. DEAN)
40%
IStress
40%
This Christmas –
Winter is Coming
This Christmas
40%
WhyUp & Down
40%
My VoiceWhen I Was Young
40%
What Do I Call YouWildfire
40%
To. XAll For Nothing
30%
To. XBurn It Down
30%
My Voice
Deluxe Edition
Curtain Call
30%
To. XFabulous
30%
IFarewell
30%
What Do I Call YouGalaxy
30%
WhyHands On Me
30%
VOICEI Found You
30%
This Christmas –
Winter is Coming
I'm all ears
30%
StayI'm The Greatest
30%
My VoiceLonely Night
30%
My VoiceLove in Color
30%
To. XMelt Away
30%
To. XNightmare
30%
INVUNo Love Again
30%
Something NewOne Day
30%
What Do I Call YouPlaylist
30%
What Do I Call YouTo the moon
30%
VOICEVanilla
30%
#GirlsSpkOutWorry Free Love
30%
INVUYou Better Not
30%
This Christmas –
Winter is Coming
Candy Cane
20%
This Christmas –
Winter is Coming
Christmas without You
20%
VOICEHORIZON
20%
Digital Single
(Japanese)
I Do
20%
This Christmas –
Winter is Coming
Let It Snow
20%
This Christmas –
Winter is Coming
Shhhh
20%
VOICESIGNAL
20%
#GirlsSpkOutSorrow
20%
My VoiceSweet Love
20%
This Christmas –
Winter is Coming
The Magic of
Christmas Time
20%
VOICETURNT AND BURNT
20%
My VoiceTime Walking On
Memmory
0%

Score Distribution

Percentile by Number Answered

Percent of People with Each Score

Your Score History

You have not taken this quiz